[Event "Brno Open 2022 - B FIDE open"]
[Site "Bobycentrum hotel, Brno"]
[Date "2022.11.17"]
[Round "7"]
[Board "1"]
[White "Pokorny, Petr"]
[Black "Mondrzycki, Bartlomiej"]
[Result "0-1"]
[WhiteElo "2119"]
[BlackElo "2214"]
[PlyCount "60"]
[EventDate "2022.11.12"]
[EventRounds "9"]
[EventCountry "CZE"]

1. d4 Nf6 2. c4 e6 3. Nc3 Bb4 4. Qc2 O-O 5. a3 Bxc3+ 6. Qxc3 b6 7. Bg5 c5 8. Qf3
Nc6 9. Bxf6 Qxf6 10. Qxf6 gxf6 11. dxc5 bxc5 12. O-O-O Rd8 13. e3 Kf8 14. Nf3 Ke7
15. h4 Bb7 16. h5 Rg8 17. Rh2 a5 18. Be2 Ne5 19. Ne1 Ba6 20. b3 a4 21. f4 Ng4 22.
Bxg4 Rxg4 23. Kc2 Rg3 24. Rh3 Rag8 25. bxa4 Rxh3 26. gxh3 Bxc4 27. Nd3 d6 28. Nf2
f5 29. Kc3 Bd5 30. a5 h6  0-1

[Event "Brno Open 2022 - B FIDE open"]
[Site "Bobycentrum hotel, Brno"]
[Date "2022.11.17"]
[Round "7"]
[Board "3"]
[White "Moskvin, Anatoly"]
[Black "Kuchar, Matej"]
[Result "1-0"]
[WhiteElo "2170"]
[BlackElo "2008"]
[PlyCount "59"]
[EventDate "2022.11.12"]
[EventRounds "9"]
[EventCountry "CZE"]

1. e4 d6 2. d4 Nf6 3. Nc3 g6 4. g3 Bg7 5. Bg2 O-O 6. Nge2 Nbd7 7. O-O c5 8. h3 Rb8
9. Be3 b5 10. dxc5 dxc5 11. e5 Nxe5 12. Qxd8 Rxd8 13. Bxc5 Bb7 14. Bxe7 Bxg2 15.
Kxg2 Rd2 16. Rad1 Rxd1 17. Rxd1 Re8 18. Bc5 Ned7 19. Be3 b4 20. Na4 Nb6 21. Nxb6
axb6 22. c3 Ra8 23. Bxb6 Rxa2 24. Rd8+ Bf8 25. Bc5 Nd7 26. Bxb4 Rxb2 27. Nd4 Kg7
28. Rxd7 Bxb4 29. cxb4 Rxb4 30. Ne6+  1-0

[Event "Brno Open 2022 - B FIDE open"]
[Site "Bobycentrum hotel, Brno"]
[Date "2022.11.17"]
[Round "7"]
[Board "4"]
[White "Spanton, Tim R"]
[Black "Svobodova, Michaela"]
[Result "1/2-1/2"]
[WhiteElo "1771"]
[BlackElo "1973"]
[PlyCount "64"]
[EventDate "2022.11.12"]
[EventRounds "9"]
[EventCountry "CZE"]

1. d4 d5 2. Nc3 Nf6 3. Bg5 h6 4. Bh4 c5 5. Bxf6 gxf6 6. e4 dxe4 7. dxc5 Qa5 8. Qd2
Bf5 9. O-O-O Nc6 10. Bb5 Rd8 11. Qxd8+ Qxd8 12. Rxd8+ Kxd8 13. Nge2 Bg6 14. Rd1+
Kc8 15. Nd4 Nxd4 16. Rxd4 e6 17. Nxe4 Bxe4 18. Rxe4 Rg8 19. g3 Rg5 20. Be8 Bxc5 21.
Bxf7 Bxf2 22. Bxe6+ Kc7 23. Kd2 Rh5 24. Rh4 Rxh4 25. gxh4 Bxh4 26. Ke3 Kd6 27. Bf5
Ke5 28. Bd3 b6 29. Kf3 Bg5 30. a4 Bc1 31. b3 Bf4 32. h3 Bd2  1/2-1/2

[Event "Brno Open 2022 - B FIDE open"]
[Site "Bobycentrum hotel, Brno"]
[Date "2022.11.17"]
[Round "7"]
[Board "5"]
[White "Dvorakova, Olga"]
[Black "Moser, Axel"]
[Result "0-1"]
[WhiteElo "2054"]
[BlackElo "2138"]
[PlyCount "46"]
[EventDate "2022.11.12"]
[EventRounds "9"]
[EventCountry "CZE"]

1. d4 Nf6 2. c4 c5 3. d5 b5 4. cxb5 a6 5. bxa6 g6 6. Nc3 Bg7 7. e4 O-O 8. Nf3 Qa5
9. Bd3 Nxd5 10. exd5 Bxc3+ 11. bxc3 Qxc3+ 12. Qd2 Qxa1 13. O-O Qg7 14. Bb2 f6 15.
d6 e6 16. Rc1 Bxa6 17. Rxc5 Bxd3 18. Qxd3 Nc6 19. Qc3 e5 20. a4 Qf7 21. Nd2 Rxa4
22. Nc4 Rb8 23. Ne3 Qb3  0-1

[Event "Brno Open 2022 - B FIDE open"]
[Site "Bobycentrum hotel, Brno"]
[Date "2022.11.17"]
[Round "7"]
[Board "7"]
[White "Muller, Maxime"]
[Black "Arndt, Stefan"]
[Result "0-1"]
[WhiteElo "1848"]
[BlackElo "2176"]
[PlyCount "72"]
[EventDate "2022.11.12"]
[EventRounds "9"]
[EventCountry "CZE"]

1. e4 e5 2. Nf3 Nc6 3. Nc3 Nf6 4. d4 exd4 5. Nxd4 Bb4 6. Nxc6 bxc6 7. Bd3 d5 8. exd5
O-O 9. O-O cxd5 10. h3 Rb8 11. Qf3 Rb6 12. Bf4 Bb7 13. Na4 Re6 14. a3 Bd6 15. b4
Ne4 16. Bxd6 cxd6 17. Rfe1 Rf6 18. Qe3 Nxf2 19. Qxa7 Qd7 20. Re3 d4 21. Rg3 Nxd3
22. cxd3 Rg6 23. Rxg6 fxg6 24. Qb6 Bxg2 25. Kxg2 Qxa4 26. Qxd4 Qc6+ 27. Kh2 d5 28.
Re1 h6 29. Qc5 Qa8 30. b5 Qb8+ 31. Kg2 Rf5 32. Rf1 Rg5+ 33. Kf2 Qh2+ 34. Ke3 d4+
35. Qxd4 Re5+ 36. Kf3 Qe2+  0-1

[Event "Brno Open 2022 - B FIDE open"]
[Site "Bobycentrum hotel, Brno"]
[Date "2022.11.17"]
[Round "7"]
[Board "9"]
[White "Peglau, Dora"]
[Black "Glozar, Petr"]
[Result "0-1"]
[WhiteElo "1798"]
[BlackElo "2189"]
[PlyCount "76"]
[EventDate "2022.11.12"]
[EventRounds "9"]
[EventCountry "CZE"]

1. Nf3 Nf6 2. d4 e6 3. c4 c5 4. d5 b5 5. e4 Nxe4 6. cxb5 Bb7 7. dxe6 fxe6 8. Nc3
Be7 9. Bd3 Nxc3 10. bxc3 Bf6 11. Qc2 d5 12. O-O g6 13. Re1 Kf7 14. Bf4 c4 15. Bf1
Nd7 16. Ne5+ Nxe5 17. Bxe5 Bxe5 18. Rxe5 Qb6 19. Rae1 Rae8 20. Qd2 Kg7 21. g3 Rhf8
22. h4 Rf3 23. R1e3 Rxe3 24. Rxe3 e5 25. a4 Qf6 26. Be2 Rd8 27. Bg4 h5 28. Bh3 d4
29. cxd4 exd4 30. Re6 Qf7 31. Qg5 Rd5 32. Re5 d3 33. Be6 Qxe6 34. Rxe6 Rxg5 35. hxg5
d2 36. Rd6 c3 37. Kh2 Bf3 38. Rd7+ Kf8  0-1

[Event "Brno Open 2022 - B FIDE open"]
[Site "Bobycentrum hotel, Brno"]
[Date "2022.11.17"]
[Round "7"]
[Board "15"]
[White "Benes, Miroslav"]
[Black "Piddubna, Bozhena"]
[Result "1/2-1/2"]
[WhiteElo "1923"]
[BlackElo "1795"]
[PlyCount "68"]
[EventDate "2022.11.12"]
[EventRounds "9"]
[EventCountry "CZE"]

1. Nf3 Nf6 2. c4 e6 3. Nc3 b6 4. e4 Bb7 5. e5 Ne4 6. Qc2 Nxc3 7. Qxc3 Na6 8. Be2
Be7 9. O-O O-O 10. d4 f5 11. a3 g5 12. b4 g4 13. Ne1 h5 14. Nd3 c5 15. dxc5 bxc5
16. b5 Nc7 17. Rd1 Qe8 18. Be3 Qg6 19. Nf4 Qe8 20. Qd2 Bc8 21. a4 Qf7 22. a5 Ne8
23. b6 axb6 24. axb6 Rb8 25. Rdb1 d6 26. exd6 Nxd6 27. Ra7 Bb7 28. f3 Rfd8 29. Qa5
gxf3 30. gxf3 Kh7 31. Qa2 Rg8+ 32. Kh1 Nc8 33. Rxb7 Rxb7 34. Qa6 Bg5  1/2-1/2

[Event "Brno Open 2022 - B FIDE open"]
[Site "Bobycentrum hotel, Brno"]
[Date "2022.11.17"]
[Round "7"]
[Board "21"]
[White "Szkoludek, Sebastian"]
[Black "Owczarek, Monika"]
[Result "0-1"]
[WhiteElo "2003"]
[BlackElo "1491"]
[PlyCount "30"]
[EventDate "2022.11.12"]
[EventRounds "9"]
[EventCountry "CZE"]

1. g3 Nf6 2. Bg2 g6 3. c4 e5 4. Nc3 Bg7 5. e4 d6 6. Nge2 Nc6 7. O-O O-O 8. h3 Rb8
9. f4 Bd7 10. d3 a6 11. a4 Nb4 12. d4 exd4 13. Nxd4 Qc8 14. Qb3 Nc6 15. Be3 Bxh3
 0-1

[Event "Brno Open 2022 - B FIDE open"]
[Site "Bobycentrum hotel, Brno"]
[Date "2022.11.17"]
[Round "7"]
[Board "27"]
[White "Dujava, Matej"]
[Black "Jansky, Adam"]
[Result "0-1"]
[WhiteElo "1583"]
[BlackElo "1205"]
[PlyCount "58"]
[EventDate "2022.11.12"]
[EventRounds "9"]
[EventCountry "CZE"]

1. d4 d5 2. Bf4 Nf6 3. Nf3 e6 4. e3 Be7 5. Bd3 Nbd7 6. c3 b6 7. Nbd2 Bb7 8. O-O O-O
9. Qe2 c5 10. b3 a6 11. Ne5 b5 12. Rfc1 c4 13. bxc4 dxc4 14. Bc2 Ba3 15. Rd1 Nd5
16. Ne4 f5 17. Ng5 Nxc3 18. Qh5 Nf6 19. Qh3 Nxd1 20. Nxe6 Qc8 21. Bxf5 Be4 22. Nxg7
Bxf5 23. Nxf5 Nxf2 24. Qg3+ N2g4 25. Ne7+ Bxe7 26. h3 Ne4 27. Qxg4+ Qxg4 28. Nxg4
Bg5 29. Be5 h5  0-1

[Event "Brno Open 2022 - B FIDE open"]
[Site "Bobycentrum hotel, Brno"]
[Date "2022.11.17"]
[Round "7"]
[Board "30"]
[White "Nespor, Ivan"]
[Black "Karafiat, Vojtech"]
[Result "1/2-1/2"]
[WhiteElo "1727"]
[BlackElo "1361"]
[PlyCount "53"]
[EventDate "2022.11.12"]
[EventRounds "9"]
[EventCountry "CZE"]

1. e4 d6 2. d4 Nf6 3. Nc3 Nbd7 4. Nf3 e5 5. Bg5 Be7 6. dxe5 dxe5 7. Bc4 c6 8. a4
Qc7 9. O-O O-O 10. Qe2 h6 11. Bh4 b6 12. Rfd1 Bb7 13. Bg3 Bb4 14. Na2 Be7 15. Rd2
a6 16. Rad1 b5 17. Bb3 c5 18. axb5 axb5 19. Qxb5 Ba6 20. Rxd7 Qc8 21. Qa4 Be2 22.
Ra7 Bxd1 23. Nxe5 c4 24. Bxc4 Bxc2 25. Bxf7+ Kh7 26. Bg6+ Kg8 27. Bf7+  1/2-1/2

[Event "Brno Open 2022 - B FIDE open"]
[Site "Bobycentrum hotel, Brno"]
[Date "2022.11.18"]
[Round "8"]
[Board "1"]
[White "Mondrzycki, Bartlomiej"]
[Black "Svobodova, Michaela"]
[Result "1-0"]
[WhiteElo "2214"]
[BlackElo "1973"]
[PlyCount "57"]
[EventDate "2022.11.12"]
[EventRounds "9"]
[EventCountry "CZE"]

1. Nf3 d5 2. g3 Bg4 3. Bg2 c6 4. h3 Bh5 5. c4 e6 6. O-O Nf6 7. d4 Nbd7 8. cxd5 exd5
9. Ne5 Nxe5 10. dxe5 Ne4 11. Nd2 f5 12. Nxe4 fxe4 13. f4 Qb6+ 14. Kh2 O-O-O 15. f5
Bc5 16. Rb1 Bd4 17. Bf4 Rde8 18. g4 Bf7 19. e6 Bg8 20. b4 h5 21. b5 c5 22. e3 hxg4
23. exd4 gxh3 24. Bxe4 dxe4 25. dxc5 Qd8 26. Qa4 Qd3 27. Rf2 Qxb1 28. Qxa7 Bxe6 29.
Qb8+  1-0

[Event "Brno Open 2022 - B FIDE open"]
[Site "Bobycentrum hotel, Brno"]
[Date "2022.11.18"]
[Round "8"]
[Board "2"]
[White "Moskvin, Anatoly"]
[Black "Tikovsky, Alexandr"]
[Result "1-0"]
[WhiteElo "2170"]
[BlackElo "2168"]
[PlyCount "67"]
[EventDate "2022.11.12"]
[EventRounds "9"]
[EventCountry "CZE"]

1. e4 g6 2. d4 Bg7 3. h4 d5 4. e5 c5 5. c3 h5 6. Nf3 cxd4 7. cxd4 Nc6 8. Nc3 Bg4
9. Be3 e6 10. Qb3 Qb6 11. Qxb6 axb6 12. Nb5 Ke7 13. a3 Bxf3 14. gxf3 Nh6 15. Rc1
Nf5 16. Bd3 Kd7 17. Rc3 Bf8 18. Kd2 Be7 19. Bxf5 exf5 20. Kd3 Rhc8 21. Rc2 Na5 22.
Nc3 Ke6 23. Ne2 Rxc2 24. Nf4+ Kd7 25. Kxc2 Kc6 26. Kb1 Rd8 27. Rc1+ Kb5 28. Rc7 Bxh4
29. Rxf7 Rg8 30. Nxd5 Nc6 31. f4 Bd8 32. Nc3+ Kc4 33. d5 Ne7 34. Kc2  1-0

[Event "Brno Open 2022 - B FIDE open"]
[Site "Bobycentrum hotel, Brno"]
[Date "2022.11.18"]
[Round "8"]
[Board "4"]
[White "Richterova, Natasa"]
[Black "Spanton, Tim R"]
[Result "1/2-1/2"]
[WhiteElo "2170"]
[BlackElo "1771"]
[PlyCount "155"]
[EventDate "2022.11.12"]
[EventRounds "9"]
[EventCountry "CZE"]

1. e4 e5 2. Nf3 Nc6 3. Bc4 Bc5 4. c3 Nf6 5. d3 a6 6. Bb3 Ba7 7. O-O d6 8. Re1 Bg4
9. Nbd2 O-O 10. Nf1 Qd7 11. h3 Be6 12. Bc2 d5 13. exd5 Qxd5 14. Bb3 Qd6 15. Bxe6
Qxe6 16. d4 Rad8 17. Qc2 Nd7 18. Be3 Rfe8 19. Rad1 Nf8 20. Qb1 h6 21. Bf4 f6 22.
dxe5 Rxd1 23. Qxd1 Qf5 24. Be3 fxe5 25. Bxa7 Nxa7 26. Qd5+ Qf7 27. Qxb7 e4 28. N3d2
Nb5 29. Qxa6 Nd6 30. Qa4 Nd7 31. Qb3 Nc5 32. Qxf7+ Kxf7 33. Ne3 Nd3 34. Rb1 Ke6 35.
b3 Rf8 36. Rf1 c5 37. f3 exf3 38. Nxf3 Ra8 39. Ra1 Ne4 40. Nd1 Nf4 41. c4 g5 42.
Kh2 h5 43. g3 Ne2 44. h4 g4 45. Ng5+ Nxg5 46. hxg5 Kf5 47. Kg2 Kxg5 48. Kf2 Nd4 49.
Nc3 Nxb3 50. Re1 Rf8+ 51. Kg2 Nd2 52. Re5+ Rf5 53. Ne4+ Nxe4 54. Rxe4 h4 55. gxh4+
Kxh4 56. Re3 Rf4 57. Rc3 Rd4 58. Rc2 Rd3 59. Kh2 Ra3 60. Kg2 Ra4 61. Kh2 g3+ 62.
Kg2 Kg4 63. Kg1 Kf3 64. Rc3+ Kf4 65. a3 Ke4 66. Rxg3 Rxc4 67. Kf2 Rc2+ 68. Ke1 Ra2
69. Kd1 Kd4 70. Kc1 c4 71. Rg4+ Kc5 72. Rg5+ Kb6 73. Rg3 Ka5 74. Rf3 Ka4 75. Rc3
Kb5 76. Rg3 Rh2 77. Kb1 Ka4 78. Rc3  1/2-1/2

[Event "Brno Open 2022 - B FIDE open"]
[Site "Bobycentrum hotel, Brno"]
[Date "2022.11.18"]
[Round "8"]
[Board "6"]
[White "Bacak, Petr"]
[Black "Husek, Martin"]
[Result "0-1"]
[WhiteElo "1987"]
[BlackElo "2192"]
[PlyCount "82"]
[EventDate "2022.11.12"]
[EventRounds "9"]
[EventCountry "CZE"]

1. e4 c5 2. c3 Nf6 3. e5 Nd5 4. d4 cxd4 5. Nf3 e6 6. cxd4 b6 7. Nc3 Bb7 8. Bd3 d6
9. O-O Be7 10. Bd2 O-O 11. Qe2 Nxc3 12. bxc3 dxe5 13. Nxe5 Nd7 14. Rfe1 Nxe5 15.
Qxe5 Qd5 16. Qg3 Bf6 17. Bf4 Rac8 18. Be5 Qd8 19. Rac1 g6 20. Bxf6 Qxf6 21. h4 Kg7
22. Re5 Rfd8 23. Rc2 Bc6 24. Rce2 Bd5 25. Bb1 b5 26. Rb2 a6 27. f4 Qe7 28. Re3 Qa3
29. Rc2 Qd6 30. Rb2 b4 31. cxb4 Rc4 32. a3 Rxd4 33. Rf2 Bc4 34. Kh2 Rd1 35. Bc2 Rc1
36. f5 exf5 37. Bxf5 Qxg3+ 38. Rxg3 Rdd1 39. Rg4 h5 40. Rg5 Rh1+ 41. Kg3 Rc3+  0-1

[Event "Brno Open 2022 - B FIDE open"]
[Site "Bobycentrum hotel, Brno"]
[Date "2022.11.18"]
[Round "8"]
[Board "7"]
[White "Kuchar, Matej"]
[Black "Jires, Jiri"]
[Result "0-1"]
[WhiteElo "2008"]
[BlackElo "2088"]
[PlyCount "96"]
[EventDate "2022.11.12"]
[EventRounds "9"]
[EventCountry "CZE"]

1. e4 e5 2. Nf3 Nc6 3. d4 exd4 4. Nxd4 Nf6 5. Nxc6 bxc6 6. e5 Qe7 7. Qe2 Nd5 8. c4
Nb6 9. Nd2 Qe6 10. Qe4 Ba6 11. f4 d5 12. cxd5 cxd5 13. f5 Qc6 14. Qf4 Bxf1 15. Rxf1
O-O-O 16. Nf3 Nc4 17. Rf2 f6 18. e6 Bd6 19. Qg4 g5 20. fxg6 hxg6 21. Re2 Ne5 22.
Nxe5 Bxe5 23. Bf4 Qa4 24. e7+ Rd7 25. Qe6 Qb4+ 26. Bd2 Qxe7 27. Qa6+ Kd8 28. Qxa7
Ke8 29. h3 Kf7 30. Rc1 Re8 31. Kf1 Qd6 32. b4 Bb2 33. Rce1 Re4 34. Rxe4 dxe4 35.
Be3 Qxb4 36. Qc5 Qxc5 37. Bxc5 f5 38. Rb1 Rd2 39. a4 Rc2 40. Be3 Be5 41. Rb5 Bg3
42. Rc5 Ra2 43. a5 Bd6 44. Rb5 f4 45. Bc5 Be5 46. Bb4 Ke6 47. Be1 e3 48. h4 Bd4  0-1

[Event "Brno Open 2022 - B FIDE open"]
[Site "Bobycentrum hotel, Brno"]
[Date "2022.11.18"]
[Round "8"]
[Board "9"]
[White "Buchta, Vaclav"]
[Black "Dvorakova, Olga"]
[Result "1-0"]
[WhiteElo "1582"]
[BlackElo "2054"]
[PlyCount "91"]
[EventDate "2022.11.12"]
[EventRounds "9"]
[EventCountry "CZE"]

1. Nf3 Nf6 2. g3 b6 3. Bg2 Bb7 4. O-O e6 5. d4 Be7 6. c4 O-O 7. Nc3 Ne4 8. d5 Nxc3
9. bxc3 d6 10. Nd4 e5 11. Nf5 Nd7 12. e4 Bf6 13. h4 g6 14. Nh6+ Kh8 15. h5 Bg5 16.
hxg6 hxg6 17. Qg4 Bxc1 18. Raxc1 Nf6 19. Qg5 Nh7 20. Qg4 Bc8 21. Qf3 Kg7 22. Ng4
Ng5 23. Qe2 Rh8 24. f3 Nh3+ 25. Bxh3 Rxh3 26. Kg2 Rh5 27. Qe3 f5 28. exf5 Bxf5 29.
Rh1 Qe7 30. Rxh5 gxh5 31. Qh6+ Kf7 32. Qxh5+ Bg6 33. Nh6+ Kg7 34. Nf5+ Bxf5 35. Qxf5
Rh8 36. Re1 Qf6 37. Qxf6+ Kxf6 38. Rh1 Rxh1 39. Kxh1 e4 40. fxe4 Ke5 41. Kg2 Kxe4
42. Kh3 Kf5 43. Kh4 Kg6 44. Kg4 a6 45. a4 a5 46. Kf4  1-0

[Event "Brno Open 2022 - B FIDE open"]
[Site "Bobycentrum hotel, Brno"]
[Date "2022.11.18"]
[Round "8"]
[Board "11"]
[White "Makhynia, Kostiantyn"]
[Black "Horacek, Michal"]
[Result "1-0"]
[WhiteElo "1773"]
[BlackElo "2086"]
[PlyCount "73"]
[EventDate "2022.11.12"]
[EventRounds "9"]
[EventCountry "CZE"]

1. d4 c5 2. d5 g6 3. e4 Bg7 4. Nf3 d6 5. Bb5+ Bd7 6. a4 Na6 7. O-O Nc7 8. Qd3 a6
9. Bxd7+ Qxd7 10. Nc3 Rb8 11. a5 b5 12. axb6 Rxb6 13. Nd2 Rb8 14. Nc4 Nh6 15. h3
O-O 16. Bf4 f6 17. Bg3 Nb5 18. Rxa6 Nd4 19. f4 Rb4 20. b3 Rfb8 21. Bf2 Nb5 22. Na2
Rxc4 23. bxc4 Nc7 24. Ra7 Nf7 25. Nc3 Qc8 26. Rfa1 g5 27. Be3 gxf4 28. Bxf4 f5 29.
exf5 Rb6 30. Re1 Bf6 31. Ne4 Bd4+ 32. Kh1 Kf8 33. Ng5 Nxg5 34. Bxg5 Be5 35. f6 Kg8
36. f7+ Kg7 37. Bxe7  1-0

[Event "Brno Open 2022 - B FIDE open"]
[Site "Bobycentrum hotel, Brno"]
[Date "2022.11.18"]
[Round "8"]
[Board "18"]
[White "Kubicek, Pavel"]
[Black "Aird, Ian"]
[Result "1-0"]
[WhiteElo "1875"]
[BlackElo "1710"]
[PlyCount "75"]
[EventDate "2022.11.12"]
[EventRounds "9"]
[EventCountry "CZE"]

1. e4 d5 2. exd5 Qxd5 3. Nf3 Bg4 4. Be2 Nc6 5. Nc3 Qd7 6. O-O O-O-O 7. d3 e5 8. h3
Bxf3 9. Bxf3 Nd4 10. Bd5 Nf6 11. Bc4 h6 12. Re1 Bd6 13. Be3 Kb8 14. Ne4 Nf5 15. Nxd6
Nxe3 16. Rxe3 cxd6 17. b4 Rhe8 18. a4 Qc7 19. a5 d5 20. Bb3 d4 21. Rg3 g6 22. b5
Qe7 23. b6 a6 24. Rf3 Nd5 25. Bxd5 Rxd5 26. Qd2 h5 27. c4 dxc3 28. Qxc3 Rc8 29. Qb3
Rcc5 30. Ra4 Qd7 31. Rc4 Rxc4 32. Qxc4 f5 33. Rg3 Rd6 34. Qg8+ Qc8 35. Rxg6 Rxg6
36. Qxg6 Qc1+ 37. Kh2 Qf4+ 38. Qg3  1-0

[Event "Brno Open 2022 - B FIDE open"]
[Site "Bobycentrum hotel, Brno"]
[Date "2022.11.18"]
[Round "8"]
[Board "19"]
[White "Peglau, Paul David"]
[Black "Opl, Klaus"]
[Result "1-0"]
[WhiteElo "1573"]
[BlackElo "1835"]
[PlyCount "53"]
[EventDate "2022.11.12"]
[EventRounds "9"]
[EventCountry "CZE"]

1. d4 d5 2. c4 e5 3. dxe5 d4 4. Nf3 Nc6 5. a3 Nge7 6. e3 Bg4 7. exd4 Bxf3 8. Qxf3
Qxd4 9. e6 fxe6 10. Nc3 Nf5 11. Be2 O-O-O 12. O-O Be7 13. Rd1 Qf6 14. Be3 Nxe3 15.
Qxe3 Nd4 16. b4 Nxe2+ 17. Nxe2 Kb8 18. Nd4 Rde8 19. Nb5 c5 20. bxc5 Qf5 21. Nd6 Bxd6
22. cxd6 Rhf8 23. c5 Qf4 24. c6 bxc6 25. Rab1+ Ka8 26. Qc5 Qa4 27. d7  1-0